00648nam a2200181 a 450000100100000000500170001000800410002702000150006804000250008308200150010810000360012324500870015926000310024630000210027770000380029895201130033699900170044900004182720201002035757.0131018s1980 sp 000 0 spa d a8430033386 aDO-SdBNPbspacBNPHU axxxbB957n1 aBurgo, Jaime Ignacio del96870310aNavarra en la Encrucijada /cJaime Ignacio del Burgo ; prólogo Cecilio Valverde. aPamplona :b[s.n.],c1980. a262 p. ;c17 cm.12aValverde, Cecilioepról.968704 001050718MOaGRbGRcCTd2013-10-18iLF1l0oxxx B957np41827-10r2020-06-25w2020-06-25y1ZNo se presta c41316d41316